000 00640nam a2200241Ia 4500
003 OSt
005 20220918174303.0
006 a|||||r|||| 00| 0
007 ta
008 220917b |||||||| |||| 00| 0 eng d
024 _a11,455
037 _cTextual
040 _aARTS
_cARTS
_beng
041 _2eng
_aeng
082 _aM8.42, L4
100 _aNoma Seroku
_949869
245 0 _aJapanese costume and textile arts tr by Armins Nikovskis
260 _aNew York
_bWeather Hill
_c1974
300 _a168p.
_ccm.
650 _aINDUSTRIAL ARTS
942 _hM8.42, L4
_cTEXL
_2CC
999 _c152554
_d152554